BSOP header

解經、神學與牧會 : (Record no. 39261)

MARC details
000 -LEADER
fixed length control field 00612nam a22001937a 4500
001 - CONTROL NUMBER
control field 60071
008 - FIXED-LENGTH DATA ELEMENTS--GENERAL INFORMATION
fixed length control field 090427s2009 xxe ||| |||| 00| 0 chi d
020 ## - INTERNATIONAL STANDARD BOOK NUMBER
International Standard Book Number 9789866523236 (平裝) :
Terms of availability 贈書
041 0# - LANGUAGE CODE
Language code of text/sound track or separate title chi
050 ## - LIBRARY OF CONGRESS CALL NUMBER
Classification number BS1245.52
100 1# - MAIN ENTRY--PERSONAL NAME
Personal name 賴, 建國.
Relator term
245 10 - TITLE STATEMENT
Title 解經、神學與牧會 :
Remainder of title 出埃及記的研究 /
Statement of responsibility, etc 賴建國著.
250 ## - EDITION STATEMENT
Edition statement 初版.
260 ## - PUBLICATION, DISTRIBUTION, ETC. (IMPRINT)
Place of publication, distribution, etc 臺北市 :
Name of publisher, distributor, etc 永望文化,
Date of publication, distribution, etc 2009.
300 ## - PHYSICAL DESCRIPTION
Extent 104p ;
Dimensions 21cm
Accompanying material + 1CD 4 3/4 in.
490 0# - SERIES STATEMENT
Series statement 路思義神學講座叢書系列
630 ## - SUBJECT ADDED ENTRY--UNIFORM TITLE
Source of heading or term lc
Uniform title Bible. O.T. Exodus
General subdivision Criticism, interpretation, etc.
942 ## - ADDED ENTRY ELEMENTS (KOHA)
Source of classification or shelving scheme Library of Congress Classification
Item type Books
Edition 初版
Holdings
Withdrawn status Lost status Source of classification or shelving scheme Damaged status Not for loan Home library Current library Shelving location Date acquired Accession number Total Checkouts Full call number Barcode Date last seen Price effective from Koha item type
    Library of Congress Classification     BSOP Library BSOP Library Chinese Books (General Circulation) 07/04/2015 C-14371   CH BS 1245.52 L14 00046775 07/04/2015 07/04/2015 Books
BSOP

Biblical Seminary of the Philippines
  All rights Reserved
  © 2024

CONTACT INFORMATION

Biblical Seminary of the Philippines,
  77-B Karuhatan Road, Valenzuela City,
  PHILIPPINES 1441
  Phone: +632 8292-6795 / 8292-6798
  Fax : +632 8292-6675
  Email: library@bsop.edu.ph